| 000 | | | 03911cbc2a2200265#x 450 |
| 001 | | | a8f8f9f3-e938-4090-b692-1c4293fb575f |
| 005 | | | 20240730135558.0 |
| 100 | ## | $a | 20160114l19201920k y0rusy50 ca |
| 101 | 0# | $a | rus |
| 102 | ## | $a | RU |
| 105 | ## | $a | y z ||||| |
| 122 | 2# | $a | d19200117## |
| | $a | d19200301## |
| 200 | 1# | $a | Телеграммы с протестами против действий белогвардейцев в Люцине и Укрянхайском крае |
| | $j | 17 января - 1 марта 1920 |
| 215 | ## | $a | 5 листов |
| 251 | ## | $c | Дело |
| 300 | ## | $a | Машинописный текст |
| 300 | ## | $a | Заголовок дела на папке: Телеграммы с протестами против действий белогвардейцев в Люцине и Урянхайском крае |
| 330 | ## | $a | Входит в раздел описи: V. Бюро телеграмм. 7. Политическое положение |
| 461 | #0 | $1 | 001ad6baeac-e292-4829-90d1-2f4f65796a62 |
| | $1 | 2001 |
| | $a | СОВЕТ НАРОДНЫХ КОМИССАРОВ РСФСР (СНК РСФСР) |
| | $1 | 251 |
| | $c | Фонд |
| | $1 | 852 |
| | $g | Р |
| | $j | 130 |
| 462 | #0 | $1 | 0017393eac8-aea5-4181-b014-0a5beab45138 |
| | $1 | 2001 |
| | $a | 1920 г. |
| | $v | Д. 504 |
| | $1 | 251 |
| | $c | Опись |
| | $1 | 852 |
| | $j | 4 |
| 517 | 1# | $a | Телеграммы с протестами против действий белогвардейцев в Люцине и Урянхайском крае |
| 801 | #0 | $a | RU |
| | $b | GA_RF |
| 801 | #1 | $a | RU |
| | $b | НПО Опыт |
| | $c | 20160114 |
| | $2 | rusmarc |
| 801 | #2 | $a | RU |
| | $b | ПБ им. Б.Н. Ельцина |
| | $c | 20160404 |
| | $g | RCR |
| | $2 | rusmarc |
| 852 | ## | $a | ГА РФ |
| | $j | 504 |
| 937 | ## | $d | 70097679 |
| | $h | ПБ |
| 035 | ## | $a | RuPRLIB51036304 |
| 605 | ## | $2 | acquisition_Prlib |
| | $3 | LIBNET\UAF\0000064274 |
| | $a | Республика Тыва: страницы истории |
| | $l | коллекция |
| 850 | ## | $a | Государственный архив Российской Федерации |